Normal view
MARC view
- Sammia Tariq
Entry Personal Name
001 - CONTROL NUMBER
- control field: 102582
003 - CONTROL NUMBER IDENTIFIER
- control field: NUST
005 - DATE AND TIME OF LATEST TRANSACTION
- control field: 20221114134135.0
008 - FIXED-LENGTH DATA ELEMENTS
- fixed length control field: 221114|| aca||aabn | a|a d
040 ## - CATALOGING SOURCE
- Original cataloging agency: NUST
- Transcribing agency: NUST
100 ## - HEADING--PERSONAL NAME
- Personal name: Sammia Tariq
670 ## - SOURCE DATA FOUND
- Source citation: Work cat.: (NUST): Sammia Tariq, TH-SOF-2106-Wideband and Multiband Metamaterial Based Microwave Passive Components, 2022.
